Women's empowerment and demographic processes : (Record no. 9466)

MARC details
000 -LEADER
fixed length control field 01972cam a22004574a 4500
001 - CONTROL NUMBER
control field 11958659
003 - CONTROL NUMBER IDENTIFIER
control field OSt
005 - DATE AND TIME OF LATEST TRANSACTION
control field 20260430143444.0
008 - FIXED-LENGTH DATA ELEMENTS--GENERAL INFORMATION
fixed length control field 000330s2000 nyu b 101 0 eng
010 ## - LIBRARY OF CONGRESS CONTROL NUMBER
LC control number 00037525
020 ## - INTERNATIONAL STANDARD BOOK NUMBER
International Standard Book Number 0198297319
020 ## - INTERNATIONAL STANDARD BOOK NUMBER
International Standard Book Number 9780198297314
035 ## - SYSTEM CONTROL NUMBER
System control number 11958659
040 ## - CATALOGING SOURCE
Original cataloging agency DLC
Transcribing agency DLC
Modifying agency DLC
042 ## - AUTHENTICATION CODE
Authentication code pcc
050 00 - LIBRARY OF CONGRESS CALL NUMBER
Classification number HQ1240
Item number .W6674 2000
082 00 - DEWEY DECIMAL CLASSIFICATION NUMBER
Classification number 305.42 WOM
Edition number 21
245 00 - TITLE STATEMENT
Title Women's empowerment and demographic processes :
Remainder of title moving beyond Cairo /
Statement of responsibility, etc. edited by Harriet B. Presser and Gita Sen.
260 ## - PUBLICATION, DISTRIBUTION, ETC. (IMPRINT)
Place of publication, distribution, etc. New York :
Name of publisher, distributor, etc. Oxford University Press,
Date of publication, distribution, etc. c2000.
300 ## - PHYSICAL DESCRIPTION
Extent xii, 426 p. ;
Dimensions 24 cm.
336 ## - CONTENT TYPE
Content type term text
Content type code txt
Source rdacontent
337 ## - MEDIA TYPE
Media type term unmediated
Media type code n
Source rdamedia
338 ## - CARRIER TYPE
Carrier type term volume
Carrier type code nc
Source rdacarrier
500 ## - GENERAL NOTE
General note Based on a seminar which was held in Lund, Sweden, Apr. 21, 1997.
504 ## - BIBLIOGRAPHY, ETC. NOTE
Bibliography, etc Includes bibliographical references and index.
650 #0 - SUBJECT ADDED ENTRY--TOPICAL TERM
Topical term or geographic name as entry element Women in development
Form subdivision Congresses.
650 #0 - SUBJECT ADDED ENTRY--TOPICAL TERM
Topical term or geographic name as entry element Women's rights
Form subdivision Congresses.
650 #0 - SUBJECT ADDED ENTRY--TOPICAL TERM
Topical term or geographic name as entry element Women
General subdivision Health and hygiene
Form subdivision Congresses.
650 #0 - SUBJECT ADDED ENTRY--TOPICAL TERM
Topical term or geographic name as entry element Human reproduction
General subdivision Social aspects
Form subdivision Congresses.
650 #0 - SUBJECT ADDED ENTRY--TOPICAL TERM
Topical term or geographic name as entry element Sex distribution (Demography)
Form subdivision Congresses.
655 #7 - INDEX TERM--GENRE/FORM
Genre/form data or focus term Conference papers and proceedings.
Source of term lcgft
Authority record control number https://id.loc.gov/authorities/genreForms/gf2014026068
700 1# - ADDED ENTRY--PERSONAL NAME
Personal name Presser, Harriet B.
700 1# - ADDED ENTRY--PERSONAL NAME
Personal name Sen, Gita.
856 42 - ELECTRONIC LOCATION AND ACCESS
Materials specified Publisher description
Uniform Resource Identifier <a href="http://www.loc.gov/catdir/enhancements/fy0610/00037525-d.html">http://www.loc.gov/catdir/enhancements/fy0610/00037525-d.html</a>
856 41 - ELECTRONIC LOCATION AND ACCESS
Materials specified Table of contents only
Uniform Resource Identifier <a href="http://www.loc.gov/catdir/enhancements/fy0610/00037525-t.html">http://www.loc.gov/catdir/enhancements/fy0610/00037525-t.html</a>
856 42 - ELECTRONIC LOCATION AND ACCESS
Materials specified Contributor biographical information
Uniform Resource Identifier <a href="http://www.loc.gov/catdir/enhancements/fy0726/00037525-b.html">http://www.loc.gov/catdir/enhancements/fy0726/00037525-b.html</a>
906 ## - LOCAL DATA ELEMENT F, LDF (RLIN)
a 7
b cbc
c orignew
d 1
e ocip
f 20
g y-gencatlg
942 ## - ADDED ENTRY ELEMENTS (KOHA)
Source of classification or shelving scheme Dewey Decimal Classification
Koha item type BOOKS
Holdings
Withdrawn status Lost status Source of classification or shelving scheme Damaged status Not for loan Home library Current library Shelving location Date acquired Total Checkouts Full call number Barcode Date last seen Copy number Price effective from Koha item type
    Dewey Decimal Classification     Dodoma Dodoma Ground Floor 30/04/2026   305.42 WOM LIB002333 30/04/2026 2 30/04/2026 BOOKS
    Dewey Decimal Classification     Dodoma Dodoma Ground Floor 30/04/2026   305.42 WOM LIB002332 30/04/2026 4 30/04/2026 BOOKS
    Dewey Decimal Classification     Dodoma Dodoma Ground Floor 30/04/2026   305.42 WOM LIB001928 30/04/2026 5 30/04/2026 BOOKS
    Dewey Decimal Classification     Dodoma Dodoma Ground Floor 30/04/2026   305.42 WOM LIB001927 30/04/2026 1 30/04/2026 BOOKS
    Dewey Decimal Classification     Dodoma Dodoma Ground Floor 30/04/2026   305.42 WOM LIB002331 30/04/2026 3 30/04/2026 BOOKS

IRDP © 2021 :: Managed by ICT Team